000 01432cam a22003737a 4500
003 CHAP
005 20220329133832.0
008 971013s1985 r 00010 d
010 _a11582
011 _a12554
035 _a15740
040 _cCHAP
082 _a634.421
_bM3
100 0 0 _aMata Beltrán, Inocente.
_972854
245 1 3 _aEl guayabo
_b: aspectos de su cultivo y producción
260 _aBuenavista. Saltillo, Coa :
_bUniversidad Autónoma Agraria Antonio Narro,
_c1985
300 _a157 p.
_b: ilus.
500 _aD15-176
590 _aBATCH-UPD
_b10
_c20130110
_lUCH01
_h0051
590 _aBATCH-UPD
_b10
_c20130110
_lUCH01
_h2216
590 _aBATCH-UPD
_b10
_c20130409
_lUCH01
_h2039
590 _aBATCH-UPD
_b10
_c20130410
_lUCH01
_h1516
590 _aBATCH-UPD
_b10
_c20130914
_lUCH01
_h1554
590 _aCONVERSION
_b10
_c20130109
_lUCH01
_h1308
650 1 4 _aGuayaba.
_951037
700 0 _aRodríguez Mendoza, Antonio.
_998692
901 _aBK
942 _cLIBRO
949 _a634.421 M3
_bBC
_cLIBRO
_d33724000205225
_eLIBRO
_fc.3
_gI.c/e
_h76633
_i15740
_so
_t32.00
949 _a634.421 M3
_bBC
_cLIBRO
_d33724000205233
_eLIBRO
_fc.5
_gI.c/e
_h75466
_i15740
_si
_t32.00
949 _a634.421 M3
_bBC
_cLIBRO
_d33724000223533
_eLIBRO
_fc.2
_h74373
_i15740
_si
949 _a634.421 M3
_bBC
_cLIBRO
_d33724000655213
_eLIBRO
_h74372
_i15740
_so
949 _a634.421 M3
_bBC
_cLIBRO
_d33724000655221
_eLIBRO
_fc.4
_gI.c/e
_h75465
_i15740
_si
_t32.00
999 _c11582
_d11582